000 03330nab a2200289 i 4500
003 BR-BrBNA
005 20240301112144.0
008 240301b2006 bl.qr|p|oa||| 00| 0 eng |
040 _aBR-BrBNA
_beng
072 _aF60
072 _aS30
072 _aS20
100 _aPereira, C.G.
100 _aCarvalho, J.E.
100 _aMeireles, M.A.A.
245 _aAnticancer activity of Tabernaemontana catharinensis extract obtained by supercritical fluid extraction
500 _aPublicação on-line; 17 ref.; 1 table; 3 illus.; Summaries (En, Pt)
520 _a RESUMO: Atividade anticancerígena de extrato de Tabernaemontana catharinensis obtido por extração supercrítica. No presente trabalho a atividade anticancer do extrato bruto de T. catharinensis foi avaliada. O extrato bruto foi obtido utilizando C02 supercrítico na pressão de 300 bar e temperatura de 55 °C; etanol foi usado como co-solvente (4.6% massa). A atividade anticancer foi testada contra sete linhagens de tumores humanas: pulmão, mama, mama expressando o fenótipo resistente a múltiplas drogas, melanoma, cólon, próstata e rim. O extrato bruto foi fracionado e a fração alcaloídica foi analisada por cromatografia em camada delgada (CCD) e cromatografia a gás com detector por ionização em chama (CG-DIC). A CG-DIC da fração alcaloídica indicou a presença dos alcalóides indólicos voacangina e coronaridina. O extrato bruto de T.catharinensis apresentou atividade anticâncer a partir de 0.25 pg/mL com efeito citostático e citolítico, dependente da concentração e sem seletividade entre as linhagens celulares utilizadas. Palavras-chave: Tabernaemontana catharinensis, alcalóides indólicos, extração supercrítica, atividade anticancer
520 _a ABSTRACT: In the present work the anticancer activity of crude supercritical fluid extract from T. catharinensis was evaluated. The crude extract was obtained using supercritical CO2 at pressure of 300 bar and temperature of 55 °C; ethanol was used as cosolvent (4.6% mass). The anticancer activity was tested against seven human cancer cell lines: lung, breast, breast expressing the multidrug resistance phenotype, melanoma, colon, prostate, and kidney. The crude extract was fractionated and the alkaloidal fraction was analyzed by thin-layer chromatography (TLC), and gas-chromatography/flame ionization detector (GC-FID). The GC-FID of the alkaloidal fraction indicated the presence of the indole alkaloids voacangine and coronaridine. The crude extract of T.catharinensis has anticancer activity that begins at 0.25 pg/mL and exhibits cytostatic and cytolytic effects concentration dependent and not selective for the cell lines used. Key words: Tabernaemontana catharinensis, indole alkaloids, supercritical fluid extraction, anticancer activity
650 _aALCALÓIDE
650 _aEXTRAÇÃO SUPERCRÍTICA
650 _aCÂNCER
773 0 _03543
_9313785
_dBotucatu-SP Instituto de Biociências - Departamento de Química e Bioquímica 1998
_o2024-0053
_tRevista Brasileira de Plantas Medicinais (Brazil)
_x1516-0572
_gv. 8(4) p. 144-149; (2006)
_wBR2024000093
856 _uhttp://www.sbpmed.org.br/admin/files/papers/file_yHTWVWR1uWes.pdf
942 _cAnalítica
999 _c298654
_d298654